header

The coins of Herod (Record no. 238829)

MARC details
000 -LEADER
fixed length control field 01668nam a2200385 a 4500
082 04 - DEWEY DECIMAL CLASSIFICATION NUMBER
Classification number 737.4095694
100 1# - MAIN ENTRY--AUTHOR NAME
Personal name Ariel, Donald T.
245 14 - TITLE STATEMENT
Title The coins of Herod
260 ## - PUBLICATION, DISTRIBUTION, ETC. (IMPRINT)
Place of publication Leiden ;
-- Boston :
Name of publisher Brill,
Year of publication 2012.
300 ## - PHYSICAL DESCRIPTION
Number of Pages xiii,203 p., 96 p. of plates :
Other physical details ill., maps.
490 1# - SERIES STATEMENT
Series statement Ancient Judaism and early Christianity =
-- Arbeiten zur Geschichte des antiken Judentums und des Urchristentums,
500 ## - GENERAL NOTE
General note Two columns to the page.
650 #0 - SUBJECT ADDED ENTRY--TOPICAL TERM
Topical Term Jewish coins
Topical Term Jewish numismatics
700 1# - ADDED ENTRY--PERSONAL NAME
Personal name Fontanille, Jean-Philippe.
856 40 - ELECTRONIC LOCATION AND ACCESS
Uniform Resource Identifier http://site.ebrary.com/lib/rucke/Doc?id=10524309

No items available.

© 2026 Rongo University
Contact us: librarian | system librarian | Rongo university